000
00333nam a22001457a 4500
020
_a
978-0-357-03379-1
082
_a
658.8
100
_a
Pride, William M.
245
_a
Marketing
250
_a
20th
260
_a
Boston:
_b
Cengage Learning,
_c
2020.
300
_a
xxvii, 692p.: ill.; 28cm
700
_a
Ferrell, O. C.
942
_c
BK
999
_c
22127
_d
22127